| 000 | 00406nam a22001697a 4500 | ||
|---|---|---|---|
| 005 | 20160702100456.0 | ||
| 008 | 160702b xxu||||| |||| 00| 0 eng d | ||
| 020 | _a978-81-265-3780-8 | ||
| 041 | _aeng | ||
| 082 | _b20839 | ||
| 100 |
_aAshford, Norman J and others _93441 |
||
| 245 | _aAirport Engineering | ||
| 260 |
_bWilly _c2016 |
||
| 300 | _a738 | ||
| 650 |
_aDiploma Engineering _9817 |
||
| 942 | _cBK | ||
| 999 |
_c5143 _d5141 |
||